ENGLISH IN ACTION 3 (Record no. 10705)

MARC details
000 -LEADER
fixed length control field 00352nam a2200145Ia 4500
008 - FIXED-LENGTH DATA ELEMENTS--GENERAL INFORMATION
fixed length control field 240624s9999 xx 000 0 und d
041 ## - LANGUAGE CODE
Language code of text/sound track or separate title eng
082 ## - DEWEY DECIMAL CLASSIFICATION NUMBER
Classification number 428.2 FOL
100 ## - MAIN ENTRY--PERSONAL NAME
Personal name FOLEY BARBARA H
245 ## - TITLE STATEMENT
Title ENGLISH IN ACTION 3
260 ## - PUBLICATION, DISTRIBUTION, ETC.
Date of publication, distribution, etc. 2003
Place of publication, distribution, etc. Australia
Name of publisher, distributor, etc. Thomson/Heinle
300 ## - PHYSICAL DESCRIPTION
Extent x, : 262 : p. : cm. ; 28
365 ## - TRADE PRICE
Currency code RS
Price amount 10
440 ## - SERIES STATEMENT/ADDED ENTRY--TITLE
Volume/sequential designation 2
Holdings
Withdrawn status Lost status Damaged status Not for loan Home library Current library Shelving location Date acquired Source of acquisition Cost, normal purchase price Total Checkouts Total Renewals Full call number Barcode Date due Date last seen Date last checked out Copy number Price effective from Koha item type
        IMTN IMTN Rack 15-B 10/01/2008 PSBE 1995.00 1 1 428.2 FOL 10705 10/18/2025 10/08/2025 10/08/2025 1 06/24/2024 Books
Designed & Maintained by: LRC IMT Nagpur Contact: lrc@imtnag.ac.in© 2024. All Rights Reserved.